Timbers of the world (Record no. 81322)

MARC details
000 -LEADER
fixed length control field 00763nam a2200157 a 4500
008 - FIXED-LENGTH DATA ELEMENTS--GENERAL INFORMATION
fixed length control field 120416s1979 ||||||||||||||||| || u
050 ## - LIBRARY OF CONGRESS CALL NUMBER
Classification number SD 434 Tim
245 10 - TITLE STATEMENT
Title Timbers of the world
246 ## -
-- Timber Research and Development Association
260 ## - PUBLICATION, DISTRIBUTION, ETC.
Place of publication, distribution, etc. Lancaster
Name of publisher, distributor, etc. Construction Press
Date of publication, distribution, etc. 1979
300 ## - PHYSICAL DESCRIPTION
Extent 2vols. : ill
350 ## -
-- 0.00
995 ## -
-- BINDERY (DAMAGED)
-- 0.00
-- 719778
-- CBU-MAIN LIBRARY (Kitwe)
-- 1
-- 0.00
-- REF SD 434 Tim
-- 1
-- DAMAGED
-- 023262
-- Reference Collection
995 ## -
-- REFERENCE BOOKS
-- 0.00
-- 708819
-- CBU-MAIN LIBRARY (Kitwe)
-- 1
-- 0.00
-- SD 434 TIM
-- 3
-- REFERENCE
-- Apr 15, 2008
-- 023200
-- Reference Collection
995 ## -
-- REFERENCE BOOKS
-- 0.00
-- 708818
-- CBU-MAIN LIBRARY (Kitwe)
-- 2
-- 0.00
-- SD 434 Tim
-- 2
-- REFERENCE
-- 023201
-- Reference Collection
999 ## -
-- 81322
-- 81322
Holdings
Withdrawn status Lost status Source of classification or shelving scheme Damaged status Not for loan Permanent Location Current Location Shelving location Date acquired Total Checkouts Full call number Barcode Date last seen Copy number Price effective from Koha item type
          CBU-MAIN LIBRARY, KITWE. CBU-MAIN LIBRARY, KITWE.   08/18/2023   SD 434 Tim 023262 08/18/2023 1 08/18/2023 REFERENCE COLLECTION
          CBU-MAIN LIBRARY, KITWE. CBU-MAIN LIBRARY, KITWE.   08/18/2023   SD 434 Tim 023200 08/18/2023 2 08/18/2023 REFERENCE COLLECTION
          CBU-MAIN LIBRARY, KITWE. CBU-MAIN LIBRARY, KITWE.   08/18/2023   SD 434 Tim 023201 08/18/2023 3 08/18/2023 REFERENCE COLLECTION